| 000 | 01948nam0a22003851 4500 | ||
|---|---|---|---|
| 001 | RU\NLR\INFOCOMM_46\5000185703 | ||
| 005 | 20250613085829.0 | ||
| 035 | _a(NLR Aleph) 009044170 | ||
| 090 |
_a9556039 _c9556039 |
||
| 100 | _a20080815d1982 |||y0rusy50 ca | ||
| 101 | 0 |
_aeng _drus _feng _frus |
|
| 102 | _aRU | ||
| 105 | _ay z 000yy | ||
| 200 | 1 |
_aFast relaxation method for solving the difference problem for the Poisson equation on the sequence of grids _fE. A. Ayrjan, E. P. Zhidkov, B. N. Khoromsky |
|
| 210 |
_aДубна _cОбъед. ин-т ядер. исслед _d1982 |
||
| 215 |
_a10 с. _d21 см |
||
| 225 | 1 |
_aПрепринт _fОбъед. ин-т ядер. исслед., Дубна _vЕ11-82-492 |
|
| 300 | _aВ вып. дан.: Быстрый итерационный метод на последовательности сеток решения разностной задачи для уравнения Пуассона / Айрон Э. А., Жидков Е. П., Хоромский Б. Н. | ||
| 300 | _aРез. на рус. яз. | ||
| 300 | _a"Submitted to "Computer phys. communications" | ||
| 320 | _aБиблиогр.: с. 10 | ||
| 517 | 1 | _aБыстрый итерационный метод на последовательности сеток решения разностной задачи для уравнения Пуассона | |
| 606 |
_aУравнение Пуассона _xРешение _xМетод конечных разностей _2nlr_sh1 |
||
| 686 |
_aВ192.162 _2rubbk |
||
| 700 | 1 |
_aAjrjan _bÉ. A. _gÉdik Artašovič _4070 |
|
| 701 | 1 |
_9z04790 _aŽidkov _bE. P. _gEvgenij Petrovič _4070 |
|
| 701 | 1 |
_9z05790 _aChoromskij _bB. N. _gBoris Nikalaevič _4070 |
|
| 790 | 1 |
_9z04701 _aZhidkov _bE. P. _4070 |
|
| 790 | 1 |
_9z05701 _aKhoromsky _bB. N. _4070 |
|
| 801 | 1 |
_aRU _bNLR _c20080815 |
|
| 801 | 0 |
_aRU _bNLR _gPSBO |
|
| 852 |
_aNLR _jМт01 Д-4/165 |
||
| 942 | _cBOOK | ||
| 980 | _aNB | ||